| 000 | 01402nam a22001937a 4500 | ||
|---|---|---|---|
| 999 |
_c36537 _d36537 |
||
| 005 | 20230208225702.0 | ||
| 008 | s2543 th o tha d | ||
| 040 | _aNALT | ||
| 086 | _aสว 01 7.1 328.31 2543 | ||
| 110 | 2 |
_aสำนักงานเลขาธิการวุฒิสภา. _bสำนักประชาสัมพันธ์ _92433 |
|
| 245 | 1 | 0 |
_aการสัมมนาสมาชิกวุฒิสภา ณ โรงแรมโซฟิเทล ขอนแก่น จังหวัดขอนแก่น ระหว่างวันที่ 12-14 ธันวาคม 2543 : รายงานผลการสัมมนากลุ่มย่อย กลุ่มที่ 1 ถึง 9 / _cสำนักประชาสัมพันธ์ สำนักงานเลขาธิการวุฒิสภา. |
| 260 |
_aกรุงเทพฯ : _bสำนักประชาสัมพันธ์ สำนักงานเลขาธิการวุฒิสภา, _c2543. |
||
| 300 |
_a92, 39 หน้า : _bตาราง ; _c30 ซม. |
||
| 650 | 4 |
_aสมาชิกวุฒิสภา _927587 _xบทบาทหน้าที่ |
|
| 650 | 4 |
_aสมาชิกวุฒิสภา _941316 |
|
| 850 | _aNALT | ||
| 942 |
_cPAR _2local |
||
| 998 |
_j25 _k นีลวัสน์ อินทรักษา |
||